| 000 | 00514nam a22002057a 4500 | ||
|---|---|---|---|
| 999 |
_c490230 _d490230 |
||
| 003 | NUST | ||
| 005 | 20191107151932.0 | ||
| 008 | 191107b ||||| |||| 00| 0 eng d | ||
| 020 | _a9699146117 | ||
| 024 | _a978-9699146114 | ||
| 038 | _aMSOHAIL | ||
| 082 | _a891.4393 MUB | ||
| 100 |
_aMubarak, Ali Dr. _925391 |
||
| 245 | _aTareekh ki Awaz (Urdu) | ||
| 260 |
_aLahore _bTareekh Publications _c2012 |
||
| 300 | _a256 p. | ||
| 500 | _aIncludes index | ||
| 650 |
_aFiction---Urdu. _925392 |
||
| 942 |
_cBK _2ddc |
||